Derecho Penal Especial : (Registro nro. 30162)
[ vista simple ]
| 000 -CABECERA | |
|---|---|
| Longitud fija campo de control | 01381nam a2200253 a 4500 |
| 003 - • IDENTIFICADOR DELl NÚMERO DE CONTROL | |
| Identificador del número de control | CO-ViMGA |
| 008 - • CÓDIGOS DE INFORMACIÓN DE LONGITUD FIJA | |
| Códigos de información de longitud fija | 141112s2004 ck r 000 u spa d |
| 020 ## - • NÚMERO INTERNACIONAL NORMALIZADO PARA LIBROS | |
| Número Internacional Normalizado para Libros (ISBN) | 9587070380 |
| 040 ## - FUENTE DE LA CATALOGACIÓN | |
| Centro catalogador de origen | CO-ViMGA |
| Lengua de catalogación | spa |
| Centro transcriptor | CO-ViMGA |
| 082 04 - • NÚMERO DE LA CLASIFICACIÓN DECIMAL DEWEY | |
| Número de clasificación (R) | 345 T621d |
| 100 1# - • PUNTO DE ACCESO PRINCIPAL-NOMBRE DE PERSONA | |
| Nombre de persona | Tocora, Luis Fernando |
| 245 10 - • TITULO PROPIAMENTE DICHO | |
| Título | Derecho Penal Especial : |
| Resto del título | Delitos Contra la Vida y la Integridad Personal, el Patrimonio Económico, Delitos Sexuales / |
| Mención de responsabilidad, etc. | Luis Fernando Tocora |
| 250 ## - • MENCIÓN DE EDICIÓN | |
| Mención de edición | 10a |
| 300 ## - • DESCRIPCIÓN FÍSICA | |
| Extensión | 440 P. 23 cm |
| 505 ## - • NOTA DE CONTENIDO CON FORMATO | |
| Nota de contenido con formato | Delitos contra la vida y la integridad personal El homicidio, El genocidio, El aborto 6 - - Delitos contra el patrimonio económico El hurto, La extorción, La estafa, Abuso de confianza 193 - - Delitos contra la libertad, integridad y formación sexuales La violación, Actos sexuales abusivos, El proxenetismo, 281 - - El delito preterintencional 319 - - La reparación en delitos contra el patrimonio económico 411 |
| 590 ## - NOTAS LOCALES | |
| Nota local | Forma de adquisición : Donación fact. 8822 - - Precio : 60000 - - Proveedor : Fundación exito - - Fecha de adquisición : Junio 2007 |
| 650 14 - • PUNTO DE ACCESO ADICIONAL DE MATERIA - TÉRMINO DE MATERIA | |
| Término de materia o nombre geográfico como elemento inicial | DELITOS CONTRA LA PERSONA - COLOMBIA |
| 650 14 - • PUNTO DE ACCESO ADICIONAL DE MATERIA - TÉRMINO DE MATERIA | |
| Término de materia o nombre geográfico como elemento inicial | DELITOS CONTRA LA PROPIEDAD - COLOMBIA |
| 650 14 - • PUNTO DE ACCESO ADICIONAL DE MATERIA - TÉRMINO DE MATERIA | |
| Término de materia o nombre geográfico como elemento inicial | DELITOS SOCIALES - COLOMBIA |
| 650 14 - • PUNTO DE ACCESO ADICIONAL DE MATERIA - TÉRMINO DE MATERIA | |
| Término de materia o nombre geográfico como elemento inicial | DERECHO PENAL - COLOMBIA |
| 942 ## - ENTRADA DE ELEMENTOS AGREGADOS (KOHA) | |
| Fuente de clasificaión o esquema | Dewey Decimal Classification |
| Koha [por defecto] tipo de item | LIbro |
| Perdido | Fuente de clasificación o esquema | Estado Físico | No para préstamo | Forma de adquisición | Localización permanente | Localización actual | Fecha adquisición | Serie de enumeración / cronolog&íacute;a | Préstamos totales | Signatura completa | Código de barras | Fecha última consulta | Fecha último préstamo | Número de copia | Fecha del precio de reemplazo | Tipo de item de Koha |
|---|---|---|---|---|---|---|---|---|---|---|---|---|---|---|---|---|
| Dewey Decimal Classification | Sala Especializada Tercer Piso | Biblioteca Pública Germán Arciniegas - Villavicencio | Biblioteca Pública Germán Arciniegas - Villavicencio | 12/04/2015 | Volumen. 1 | 11/jun/2009 | 1 | 345 T621d | 21586 | 05/25/2018 | 03/02/2018 | Ej. 1 | 12/04/2015 | LIbro |